[Event "CAN-op U1800"]
[Site "Regina CAN"]
[Date "2019.07.12"]
[Round "1.32"]
[White "Li, Avery"]
[Black "Latorre, Spiro"]
[Result "0-1"]
[WhiteElo "1365"]
[BlackElo "1758"]
[PlyCount "62"]
[EventDate "2019.07.12"]
[EventType "swiss"]
[EventRounds "9"]
[EventCountry "CAN"]

1. d4 e6 2. Nf3 d5 3. c4 Bb4+ 4. Bd2 Bxd2+ 5. Qxd2 Nf6 6. Nc3 O-O 7. e3 Nbd7 8.
Bd3 dxc4 9. Bxc4 b6 10. O-O Bb7 11. Qe2 a6 12. Bd3 h6 13. Nd2 c5 14. Nf3 b5 15.
dxc5 Nxc5 16. Rfd1 Nxd3 17. Rxd3 Qe7 18. Rad1 b4 19. Na4 Bc6 20. Nb6 Rab8 21.
Nc4 Bb5 22. Nfe5 Nd5 23. Rd4 Rbc8 24. e4 Nf4 25. Qe3 Qg5 26. g3 Bxc4 27. Nxc4
Nh3+ 28. Kg2 Qh5 29. e5 Rxc4 30. Rxc4 Qxd1 31. Kxh3 Qf1+ 0-1

[Event "CAN-op U1800"]
[Site "Regina CAN"]
[Date "2019.07.12"]
[Round "1.34"]
[White "Menesses, Ryan"]
[Black "Mayol, John"]
[Result "1-0"]
[WhiteElo "1280"]
[BlackElo "1716"]
[PlyCount "161"]
[EventDate "2019.07.12"]
[EventType "swiss"]
[EventRounds "9"]
[EventCountry "CAN"]

1. c4 e5 2. g3 Nf6 3. Bg2 c6 4. d4 e4 5. Nc3 d5 6. Nh3 Be7 7. O-O O-O 8. Nf4
Bf5 9. cxd5 cxd5 10. Qb3 Nc6 11. e3 Na5 12. Qd1 Nc4 13. b3 Nb6 14. Bd2 Qd7 15.
Rc1 Rfc8 16. a4 a5 17. Nb5 Rxc1 18. Qxc1 Rc8 19. Qb2 Bb4 20. Bxb4 axb4 21. Qd2
Qe7 22. Rc1 Rxc1+ 23. Qxc1 g5 24. Bh3 Bxh3 25. Nxh3 Qd7 26. Kg2 Qg4 27. Ng1 h5
28. Qc7 Nbd7 29. Nd6 b6 30. Qd8+ Kg7 31. Qe7 Qe6 32. Qxe6 fxe6 33. Ne2 Nb8 34.
h4 Kg6 35. hxg5 Kxg5 36. Nf4 Nc6 37. Nxe6+ Kg6 38. Nb7 Nd7 39. Nf4+ Kg5 40.
Nxd5 Kf5 41. Kh3 Kg5 42. Nd6 Na5 43. Nxb4 Nxb3 44. Nxe4+ Kf5 45. Nd6+ Ke6 46.
Nc4 Nc1 47. d5+ Kf5 48. Kh4 Kg6 49. Nc6 Nd3 50. f4 Ne1 51. N6e5+ Nxe5 52. Nxe5+
Kf5 53. Kxh5 Nc2 54. g4+ Kf6 55. g5+ Kg7 56. d6 Kf8 57. d7 Ke7 58. g6 Nxe3 59.
g7 Nd5 60. g8=Q Nf6+ 61. Kg6 Nxg8 62. Kg7 Nf6 63. d8=Q+ Kxd8 64. Kxf6 Kc7 65.
f5 Kb7 66. Ke6 Ka6 67. f6 Ka5 68. f7 Kxa4 69. f8=Q b5 70. Qe8 Ka5 71. Nc6+ Ka4
72. Nd4 Kb4 73. Qxb5+ Kc3 74. Qe5 Kc4 75. Ne2 Kd3 76. Kd6 Kc4 77. Qd5+ Kb4 78.
Kc6 Ka3 79. Nd4 Kb2 80. Qb3+ Ka1 81. Nc2# 1-0

[Event "CAN-op U1800"]
[Site "Regina CAN"]
[Date "2019.07.12"]
[Round "1.35"]
[White "Collins, Jacob"]
[Black "Li, Alan"]
[Result "1-0"]
[WhiteElo "1710"]
[BlackElo "1272"]
[PlyCount "95"]
[EventDate "2019.07.12"]
[EventType "swiss"]
[EventRounds "9"]
[EventCountry "CAN"]

1. d4 d5 2. Bf4 Nc6 3. Nf3 Bg4 4. e3 Nf6 5. h3 Bf5 6. c4 e6 7. c5 Be7 8. Qb3
Rb8 9. Nc3 a6 10. Nh4 Bg6 11. Nxg6 hxg6 12. Qa4 Qd7 13. Bd3 Nh5 14. Bh2 Bg5 15.
O-O O-O 16. b4 Qd8 17. Rfb1 Ne7 18. b5 axb5 19. Nxb5 Ra8 20. Qb3 c6 21. Nd6 Qa5
22. Nxb7 Qa3 23. Qxa3 Rxa3 24. Rb3 Ra7 25. Nd6 Rfa8 26. Rab1 f6 27. Rb8+ Kh7
28. Nf7 Rxa2 29. Rxa8 Rxa8 30. g4 Ra3 31. Bf1 Kg8 32. Nxg5 fxg5 33. gxh5 gxh5
34. Rb7 Nf5 35. Rc7 Ra1 36. Rxc6 Nh4 37. Bg3 Nf3+ 38. Kg2 g4 39. hxg4 hxg4 40.
Rxe6 Nd2 41. Bd3 Nf3 42. Bh2 Ra2 43. c6 Ne1+ 44. Kg3 Nxd3 45. c7 Ra8 46. Rd6
Kf7 47. Rd8 Rxd8 48. cxd8=Q 1-0

[Event "CAN-op U1800"]
[Site "Regina CAN"]
[Date "2019.07.12"]
[Round "1.36"]
[White "Dusaran, Fernando"]
[Black "Faust, Steven"]
[Result "0-1"]
[WhiteElo "1265"]
[BlackElo "1677"]
[PlyCount "80"]
[EventDate "2019.07.12"]
[EventType "swiss"]
[EventRounds "9"]
[EventCountry "CAN"]

1. e4 c5 2. Nf3 g6 3. d4 cxd4 4. Qxd4 Nf6 5. e5 Nc6 6. Qc3 Nd5 7. Qc4 e6 8. a3
Bg7 9. Nc3 Nxc3 10. Qxc3 O-O 11. Bg5 Qb6 12. Bf6 Bh6 13. Rd1 Re8 14. Rd6 Bf8
15. Rd2 a5 16. Be2 a4 17. O-O Ra5 18. Ng5 h6 19. Ne4 Rd5 20. Bc4 Rxd2 21. Nxd2
Qd4 22. Qg3 Qxd2 23. Bd3 Ne7 24. Qf3 Nf5 25. g4 Ne7 26. h4 Qa5 27. h5 Kh7 28.
hxg6+ Nxg6 29. g5 d6 30. Re1 Qxe1+ 31. Kg2 Kg8 32. gxh6 Bxh6 33. Qg3 Kh7 34.
exd6 Qd2 35. Qe5 Qd1 36. Qc3 Bd7 37. Be5 Qg4+ 38. Kf1 Bc6 39. Bg3 Rc8 40. Qf6
Qd1# 0-1

[Event "CAN-op U1800"]
[Site "Regina CAN"]
[Date "2019.07.12"]
[Round "1.37"]
[White "Li, Andrew"]
[Black "Ratte, Daniel"]
[Result "1-0"]
[WhiteElo "1669"]
[BlackElo "1212"]
[PlyCount "55"]
[EventDate "2019.07.12"]
[EventType "swiss"]
[EventRounds "9"]
[EventCountry "CAN"]

1. e4 c5 2. Nf3 Nc6 3. d4 cxd4 4. Nxd4 g6 5. Bc4 Bg7 6. Nb3 e6 7. O-O Nge7 8.
c3 O-O 9. f4 d5 10. exd5 exd5 11. Bd3 d4 12. cxd4 Nxd4 13. Nc3 b6 14. Be4 Ndc6
15. Qf3 Bb7 16. Rd1 Qc7 17. Nb5 Qc8 18. Nd6 Qc7 19. Nb5 Qc8 20. Nd6 Qc7 21.
Nxb7 Qxb7 22. g4 Qc7 23. f5 f6 24. Bf4 Qc8 25. Rac1 g5 26. Bd6 Rd8 27. Bxe7
Rxd1+ 28. Qxd1 1-0

[Event "CAN-op U1800"]
[Site "Regina CAN"]
[Date "2019.07.12"]
[Round "1.38"]
[White "Myrzaibraimova, Alia"]
[Black "Chapman, James"]
[Result "0-1"]
[WhiteElo "1208"]
[BlackElo "1668"]
[PlyCount "58"]
[EventDate "2019.07.12"]
[EventType "swiss"]
[EventRounds "9"]
[EventCountry "CAN"]

1. e4 c5 2. c3 d5 3. exd5 Qxd5 4. d4 Nc6 5. Nf3 Bg4 6. Be2 cxd4 7. cxd4 e6 8.
Be3 Nf6 9. O-O Bb4 10. Nc3 Qd6 11. Nb5 Qe7 12. Bf4 Nd5 13. Bd6 Bxd6 14. h3 Bf5
15. Bc4 Nb6 16. Bb3 a6 17. Nc3 O-O 18. Re1 Qf6 19. a3 Rfd8 20. Qe2 Nxd4 21.
Nxd4 Qxd4 22. Rad1 Qf4 23. Qd2 Qh2+ 24. Kf1 Qh1+ 25. Ke2 Qxg2 26. Na4 Nxa4 27.
Bxa4 Qe4+ 28. Kf1 Bxh3+ 29. Kg1 Qg2# 0-1

[Event "CAN-op U1800"]
[Site "Regina CAN"]
[Date "2019.07.12"]
[Round "1.39"]
[White "Maheux, Pierre"]
[Black "He, Matthew"]
[Result "1/2-1/2"]
[WhiteElo "1665"]
[BlackElo "1161"]
[PlyCount "70"]
[EventDate "2019.07.12"]
[EventType "swiss"]
[EventRounds "9"]
[EventCountry "CAN"]

1. e4 c6 2. d4 d5 3. e5 Bf5 4. Bd3 Bxd3 5. Qxd3 e6 6. f4 Na6 7. Nf3 Qd7 8. O-O
Ne7 9. Be3 Nf5 10. Bf2 h5 11. h4 Be7 12. Nbd2 Qd8 13. g3 Rc8 14. a3 Qd7 15. b4
Qc7 16. c4 Nb8 17. Rfc1 Qd7 18. c5 O-O 19. Nb3 b6 20. a4 Rc7 21. b5 Rfc8 22.
Kg2 bxc5 23. dxc5 cxb5 24. axb5 Qe8 25. c6 d4 26. Nfxd4 Rd8 27. Qe4 Nxd4 28.
Bxd4 Rd5 29. Nc5 Bxc5 30. Rxc5 Rxc5 31. Bxc5 a6 32. Bd6 Rc8 33. c7 Qxb5 34.
cxb8=Q Rxb8 35. Qa4 Qe2+ 1/2-1/2

[Event "CAN-op U1800"]
[Site "Regina CAN"]
[Date "2019.07.12"]
[Round "1.40"]
[White "Gran, Chris"]
[Black "Skop, Mike"]
[Result "0-1"]
[WhiteElo "1158"]
[BlackElo "1660"]
[PlyCount "58"]
[EventDate "2019.07.12"]
[EventType "swiss"]
[EventRounds "9"]
[EventCountry "CAN"]

1. e4 f6 2. d4 c6 3. Nf3 Na6 4. Nc3 Nc7 5. Bc4 e6 6. O-O d5 7. exd5 exd5 8.
Re1+ Be6 9. Bb3 Bd6 10. Qd3 Ne7 11. Be3 Qd7 12. Ne2 Bf5 13. Qd2 Be4 14. Bf4
Bxf3 15. Bxd6 Qxd6 16. gxf3 Ne6 17. Ng3 Kf7 18. Qe3 Rae8 19. Re2 h5 20. Rae1
Nf4 21. Rd2 Neg6 22. Ne4 Qd7 23. Kh1 f5 24. Ng5+ Kf6 25. Qxe8 Rxe8 26. Rg1 Ne2
27. Nh7+ Kf7 28. Ng5+ Kg8 29. Re1 Ng3+ 0-1

[Event "CAN-op U1800"]
[Site "Regina CAN"]
[Date "2019.07.12"]
[Round "1.41"]
[White "Tcherni, Avram"]
[Black "Richardson, Daniel"]
[Result "1-0"]
[WhiteElo "1637"]
[BlackElo "1126"]
[PlyCount "61"]
[EventDate "2019.07.12"]
[EventType "swiss"]
[EventRounds "9"]
[EventCountry "CAN"]

1. e4 e5 2. Nf3 d6 3. d4 Bg4 4. dxe5 Nc6 5. exd6 Bxd6 6. Be2 Nf6 7. Nbd2 Bf4 8.
h3 Bh5 9. O-O O-O 10. Re1 Re8 11. Bd3 Nd4 12. g4 Bg6 13. Nxd4 Qxd4 14. Nf3 Qd6
15. Bxf4 Qxf4 16. e5 Ne4 17. Qe2 Ng5 18. Nxg5 Qxg5 19. Qe3 Qh4 20. f4 Bxd3 21.
cxd3 b6 22. Rac1 c5 23. Kg2 Rad8 24. Rc3 Rd4 25. Qg3 Qd8 26. Qf3 Qh4 27. Re4
Rd5 28. Ra4 Qe1 29. Qxd5 Qd2+ 30. Kg3 Qe1+ 31. Kh2 1-0

[Event "CAN-op U1800"]
[Site "Regina CAN"]
[Date "2019.07.12"]
[Round "1.42"]
[White "Huang, Winston"]
[Black "Myrzaibraimov, Azamat"]
[Result "0-1"]
[WhiteElo "1065"]
[BlackElo "1604"]
[PlyCount "146"]
[EventDate "2019.07.12"]
[EventType "swiss"]
[EventRounds "9"]
[EventCountry "CAN"]

1. d4 d5 2. c4 c6 3. Nc3 Nf6 4. Bf4 e6 5. e3 Bb4 6. Nf3 Ne4 7. Qc2 Qa5 8. Rc1
Qxa2 9. Bd3 Bxc3+ 10. bxc3 Qxc2 11. Rxc2 Nd7 12. cxd5 cxd5 13. c4 b6 14. Bxe4
dxe4 15. Ne5 Nxe5 16. Bxe5 O-O 17. O-O Bb7 18. c5 Rfc8 19. Rfc1 bxc5 20. Rxc5
Rxc5 21. dxc5 Bc6 22. Kf1 a5 23. Rb1 Kf8 24. Rb8+ Rxb8 25. Bxb8 Ke7 26. Be5 f6
27. Bc3 a4 28. Ke2 e5 29. Kd2 Ke6 30. Bb4 Kd5 31. Kc3 Bb5 32. Ba3 g5 33. g3 f5
34. Kb4 Bc6 35. Kc3 h5 36. Bb4 Bd7 37. Ba3 f4 38. Kb4 fxg3 39. fxg3 Bc6 40. Kc3
Ke6 41. Kb4 Kd7 42. Ka5 Kc7 43. Ka6 Bd7 44. Ka5 Kb7 45. Kb4 Ka6 46. Bb2 g4 47.
Bxe5 a3 48. Kxa3 Kb5 49. Bd4 Kc4 50. Kb2 Kd3 51. Kb3 Ke2 52. Kc4 Kf2 53. Kd5
Kf3 54. c6 Bc8 55. Kd6 Ba6 56. c7 Kg2 57. Bf6 Kxh2 58. Bh4 Kg2 59. Ke5 Kf3 60.
Bg5 Kxg3 61. Kxe4 h4 62. Bf4+ Kf2 63. Bg5 h3 64. Bf4 g3 65. Kd4 h2 66. e4 h1=Q
67. e5 Qf3 68. Bg5 Qg4+ 69. Kd5 g2 70. e6 g1=Q 71. e7 Qxg5+ 72. Kd6 Qd1+ 73.
Ke6 Qdd5# 0-1

[Event "CAN-op U1800"]
[Site "Regina CAN"]
[Date "2019.07.12"]
[Round "1.43"]
[White "Gu, Stephanie"]
[Black "Trinh, Khoi"]
[Result "1-0"]
[WhiteElo "1599"]
[BlackElo "994"]
[PlyCount "51"]
[EventDate "2019.07.12"]
[EventType "swiss"]
[EventRounds "9"]
[EventCountry "CAN"]

1. e4 c6 2. d4 d5 3. exd5 cxd5 4. c4 e6 5. Nc3 Nf6 6. Nf3 Bd6 7. Bd3 O-O 8. O-O
Nc6 9. Bg5 h6 10. Bh4 Be7 11. Re1 b6 12. cxd5 exd5 13. Rc1 Be6 14. Bb1 g6 15.
Qd2 Kg7 16. Re2 Qd7 17. Rce1 Rae8 18. Ne5 Nxe5 19. Rxe5 Rb8 20. Qd3 b5 21. Rxe6
fxe6 22. Qxg6+ Kh8 23. Qxh6+ Kg8 24. Re3 Bd6 25. Bxf6 Rf7 26. Qh8# 1-0

[Event "CAN-op U1800"]
[Site "Regina CAN"]
[Date "2019.07.12"]
[Round "1.44"]
[White "Jiang, William"]
[Black "Aripuddin, Allan"]
[Result "0-1"]
[WhiteElo "979"]
[BlackElo "1594"]
[PlyCount "122"]
[EventDate "2019.07.12"]
[EventType "swiss"]
[EventRounds "9"]
[EventCountry "CAN"]

1. e4 d6 2. Nf3 Nf6 3. Nc3 c6 4. Bc4 Bg4 5. h3 Bh5 6. d4 b5 7. Bb3 Bg6 8. Qd3
b4 9. Na4 Nxe4 10. Qe2 e6 11. O-O Be7 12. c4 Nd7 13. d5 c5 14. a3 bxa3 15. bxa3
Bf6 16. Rb1 O-O 17. Bc2 exd5 18. cxd5 Re8 19. Qd1 Nb6 20. Nxb6 Nc3 21. Nxa8
Nxd1 22. Bxg6 hxg6 23. Rxd1 Qxa8 24. Bf4 Qd8 25. Rb7 Re7 26. Rdb1 Rxb7 27. Rxb7
g5 28. Bg3 c4 29. Rb4 Qc7 30. Rb1 Qc5 31. a4 Qa3 32. a5 c3 33. Ne1 Bd4 34. Nc2
Qc5 35. Rb8+ Kh7 36. Rd8 Be5 37. Bxe5 dxe5 38. d6 Qxa5 39. Ra8 Qd5 40. Rxa7
Qxd6 41. Ne3 Qb6 42. Ra1 Qb2 43. Rf1 c2 44. Nxc2 Qxc2 45. Re1 Qc3 46. Rd1 f5
47. Rd8 e4 48. Re8 Qe1+ 49. Kh2 Qxf2 50. Kh1 e3 51. h4 e2 52. hxg5 e1=Q+ 53.
Rxe1 Qxe1+ 54. Kh2 Qh4+ 55. Kg1 Qxg5 56. Kh1 Kh6 57. g3 Qd2 58. Kg1 Kg5 59. Kf1
Kg4 60. Kg1 Kxg3 61. Kh1 Qh2# 0-1

[Event "CAN-op U1800"]
[Site "Regina CAN"]
[Date "2019.07.12"]
[Round "1.45"]
[White "Myrzaibraimova, Aibike"]
[Black "Tran, Tri"]
[Result "1-0"]
[WhiteElo "1581"]
[BlackElo "978"]
[PlyCount "93"]
[EventDate "2019.07.12"]
[EventType "swiss"]
[EventRounds "9"]
[EventCountry "CAN"]

1. e4 e6 2. d4 d5 3. exd5 exd5 4. Bd3 Nf6 5. Nf3 Be7 6. Bf4 b6 7. Nc3 O-O 8.
Qd2 c5 9. b3 Bb7 10. O-O Nbd7 11. h3 cxd4 12. Nxd4 Bc5 13. Nf5 Re8 14. Bg5 Qc7
15. Nb5 Qc6 16. Nbd4 Qc7 17. Bf4 Bb4 18. Qxb4 Qxf4 19. Nd6 Reb8 20. N6b5 Nc5
21. Rfd1 Re8 22. c4 a6 23. Nc3 Qxd4 24. Bxh7+ Kxh7 25. Rxd4 dxc4 26. Qxc4 Re6
27. b4 Ncd7 28. Qd3+ g6 29. Rxd7 Nxd7 30. Qxd7 Bc6 31. Qxf7+ Kh6 32. Qxe6 Bb7
33. f4 Rc8 34. Ne4 Rc6 35. Qg4 Bc8 36. Qh4+ Kg7 37. Ng5 Kf6 38. Qh8+ Ke7 39.
Re1+ Be6 40. Qe5 Ke8 41. Nxe6 Kd7 42. Nf8+ Kc8 43. Qe8+ Kc7 44. Qd7+ Kb8 45.
Re8+ Rc8 46. Qxc8+ Ka7 47. Qa8# 1-0

[Event "CAN-op U1800"]
[Site "Regina CAN"]
[Date "2019.07.12"]
[Round "1.46"]
[White "Li, Anthony Zongyue"]
[Black "Kreuger, Stephen"]
[Result "1-0"]
[WhiteElo "847"]
[BlackElo "1580"]
[PlyCount "61"]
[EventDate "2019.07.12"]
[EventType "swiss"]
[EventRounds "9"]
[EventCountry "CAN"]

1. d4 Nf6 2. Nf3 d5 3. e3 e6 4. Bd3 c5 5. c3 Bd6 6. Nbd2 O-O 7. O-O Nbd7 8. Re1
Re8 9. e4 dxe4 10. Nxe4 Nxe4 11. Bxe4 Nf6 12. Bg5 Qc7 13. Bxf6 gxf6 14. Qc2 h6
15. Bg6 b6 16. d5 Re7 17. Bh7+ Kh8 18. c4 exd5 19. Rxe7 Bxe7 20. cxd5 Bb7 21.
Rd1 Rd8 22. Be4 f5 23. Bxf5 Bxd5 24. Qc3+ Kg8 25. Ne5 Bf6 26. Qg3+ Bg7 27. Re1
Bxg2 28. h3 f6 29. Qa3 fxe5 30. Qb3+ Qf7 31. Be6 1-0

[Event "CAN-op U1800"]
[Site "Regina CAN"]
[Date "2019.07.12"]
[Round "1.47"]
[White "Donovan, Ryan"]
[Black "Sorgard, William"]
[Result "1-0"]
[WhiteElo "1547"]
[BlackElo "845"]
[PlyCount "109"]
[EventDate "2019.07.12"]
[EventType "swiss"]
[EventRounds "9"]
[EventCountry "CAN"]

1. d4 d5 2. c4 dxc4 3. Nc3 Nc6 4. e4 Nf6 5. d5 Ne5 6. Bf4 Nd3+ 7. Bxd3 cxd3 8.
Qxd3 c6 9. O-O-O Ng4 10. Bg3 g6 11. Nge2 Bg7 12. f4 O-O 13. Qf3 Rb8 14. h3 Nf6
15. f5 b5 16. Bxb8 b4 17. Nb1 Qb6 18. Be5 Qc5+ 19. Nbc3 bxc3 20. Nxc3 Nd7 21.
Bxg7 Kxg7 22. Qd3 Ne5 23. Qd4 Qxd4 24. Rxd4 c5 25. Ra4 Nd3+ 26. Kd2 Nxb2 27.
Rxa7 Nc4+ 28. Ke2 Re8 29. fxg6 hxg6 30. Rb1 e6 31. Rf1 Nd6 32. dxe6 Rxe6 33.
Kd3 Bb7 34. Re1 c4+ 35. Kd4 Bc6 36. a4 Kg8 37. g4 f5 38. gxf5 gxf5 39. e5 Nf7
40. Rc7 Ng5 41. Kxc4 Nf3 42. Rd1 Nxe5+ 43. Kc5 f4 44. Rd8+ Be8 45. Kd5 Rf6 46.
Rxe8+ Rf8 47. Rxf8+ Kxf8 48. Kxe5 f3 49. Nd1 f2 50. Nxf2 Ke8 51. Kd6 Kf8 52. a5
Ke8 53. a6 Kd8 54. a7 Ke8 55. a8=Q# 1-0

[Event "CAN-op U1800"]
[Site "Regina CAN"]
[Date "2019.07.12"]
[Round "1.48"]
[White "Gao, Sean"]
[Black "Chen, Helen"]
[Result "1-0"]
[WhiteElo "807"]
[BlackElo "1512"]
[PlyCount "65"]
[EventDate "2019.07.12"]
[EventType "swiss"]
[EventRounds "9"]
[EventCountry "CAN"]

1. e4 c5 2. Nf3 Nc6 3. Bc4 d6 4. Nc3 e6 5. d4 cxd4 6. Nxd4 e5 7. Nxc6 bxc6 8.
Be3 Nf6 9. Qf3 Bb7 10. Rd1 Qa5 11. O-O Rd8 12. Bg5 Be7 13. Bxf6 Bxf6 14. Rd2
O-O 15. Rfd1 Bg5 16. Rxd6 Rxd6 17. Rxd6 Qb4 18. Qd3 Qxb2 19. Qg3 Bf4 20. Qd3
Qb6 21. g3 Bg5 22. Qf3 Qc7 23. Rd1 c5 24. Qg4 Bf6 25. Nd5 Qc6 26. Nxf6+ Qxf6
27. Rd7 Qb6 28. Re7 Qb1+ 29. Kg2 Qb4 30. Bxf7+ Rxf7 31. Re8+ Rf8 32. Qe6+ Kh8
33. Rxf8# 1-0

[Event "CAN-op U1800"]
[Site "Regina CAN"]
[Date "2019.07.12"]
[Round "1.49"]
[White "Singh, Amninder"]
[Black "Zhou, Felix Tian"]
[Result "1-0"]
[WhiteElo "1463"]
[BlackElo "766"]
[PlyCount "101"]
[EventDate "2019.07.12"]
[EventType "swiss"]
[EventRounds "9"]
[EventCountry "CAN"]

1. d4 Nf6 2. c4 d5 3. Nc3 c6 4. Nf3 Bg4 5. e3 e6 6. h3 Bh5 7. Be2 c5 8. O-O Nc6
9. cxd5 exd5 10. b3 Bd6 11. Nb5 Ne4 12. Nxd6+ Qxd6 13. Bb2 O-O 14. dxc5 Qxc5
15. Rc1 Qa5 16. a3 Qc7 17. Qxd5 Bg6 18. Qc4 Rad8 19. Bd3 Nd2 20. Nxd2 Bxd3 21.
Qc3 f6 22. Rfe1 Bf5 23. Nf3 Rd3 24. Qc4+ Kh8 25. e4 Rxf3 26. exf5 Rxf5 27. Qe6
Qf4 28. Rc2 Nd8 29. Qd7 h6 30. Re8 Rxe8 31. Qxe8+ Kh7 32. Qxd8 Qe4 33. Qd2 Rd5
34. Qe2 Qg6 35. f3 Rd8 36. Qe4 f5 37. Qxb7 Qg3 38. Qxg7+ Qxg7 39. Bxg7 Kxg7 40.
Rc7+ Kf6 41. Rxa7 Kg5 42. Kh2 Kf4 43. Ra4+ Ke3 44. b4 Rg8 45. Kg1 Kf4 46. b5+
Kg3 47. Kf1 f4 48. Ra6 h5 49. a4 h4 50. Kg1 Re8 51. Rg6# 1-0

[Event "CAN-op U1800"]
[Site "Regina CAN"]
[Date "2019.07.12"]
[Round "1.50"]
[White "Sorgard, Abigail"]
[Black "Bolduc, Jacques"]
[Result "0-1"]
[WhiteElo "744"]
[BlackElo "1410"]
[PlyCount "82"]
[EventDate "2019.07.12"]
[EventType "swiss"]
[EventRounds "9"]
[EventCountry "CAN"]

1. e4 c5 2. Nf3 d6 3. e5 Nc6 4. exd6 exd6 5. c4 Nf6 6. d4 cxd4 7. Nxd4 Be7 8.
Be2 O-O 9. O-O Bd7 10. Be3 a6 11. Nc3 Rc8 12. Qc2 Ne5 13. Ne4 Nfg4 14. h3 Nxe3
15. fxe3 Nxc4 16. Bxc4 d5 17. b3 b5 18. Nd2 dxc4 19. bxc4 Bf6 20. Qd3 bxc4 21.
Nxc4 Bb5 22. Rfc1 Re8 23. Qb3 Bxd4 24. exd4 Qxd4+ 25. Kh1 Bxc4 26. Qb7 Rb8 27.
Qc6 Bd5 28. Qxa6 Qe3 29. Rc2 Qxh3+ 30. Kg1 Qf5 31. Rac1 Qe5 32. Rf2 Rb2 33.
Rxb2 Qxb2 34. Qf1 Bxg2 35. Qxg2 Qxc1+ 36. Kh2 Qf4+ 37. Kg1 Re1+ 38. Qf1 Rxf1+
39. Kg2 Qf2+ 40. Kh3 Rg1 41. a4 Qg3# 0-1

[Event "CAN-op U1800"]
[Site "Regina CAN"]
[Date "2019.07.13"]
[Round "2.31"]
[White "Myrzaibraimova, Aibike"]
[Black "Steer, David"]
[Result "0-1"]
[WhiteElo "1581"]
[BlackElo "1766"]
[PlyCount "124"]
[EventDate "2019.07.12"]
[EventType "swiss"]
[EventRounds "9"]
[EventCountry "CAN"]

1. e4 e5 2. Nf3 Nc6 3. Bc4 f5 4. d3 Be7 5. Nc3 d6 6. Bd2 Na5 7. Bxg8 Rxg8 8.
Nd5 Nc6 9. Nxe7 Qxe7 10. Ng5 g6 11. h4 h6 12. Nh3 f4 13. g3 fxg3 14. fxg3 Bxh3
15. Rxh3 Qe6 16. Rh2 h5 17. Bg5 Kd7 18. a3 Rgf8 19. Qe2 Nd4 20. Qg2 Nf3+ 21.
Ke2 Qg4 22. Ke3 Nxh2 23. Qxh2 Rf3+ 24. Kd2 Raf8 25. Be3 Rxg3 26. Rg1 Rxg1 27.
Bxg1 Qf4+ 28. Qxf4 Rxf4 29. Ke3 Rxh4 30. Kf3 Rf4+ 31. Kg3 Rg4+ 32. Kh2 Rxg1 33.
Kxg1 Ke6 34. Kg2 Kf6 35. Kf3 Kg5 36. Kg2 Kf4 37. Kf2 h4 38. b4 b5 39. Kg2 g5
40. Kf2 h3 41. Kg1 Ke3 42. Kh2 g4 43. Kg3 Kd2 44. Kxg4 h2 45. Kf5 h1=Q 46. Ke6
Qh7 47. c4 Kxd3 48. cxb5 Qg8+ 49. Kd7 Qb8 50. Kc6 Qb6+ 51. Kd7 Kxe4 52. a4 Kd5
53. a5 Qxb5+ 54. Kxc7 Qxb4 55. a6 Qb6+ 56. Kd7 e4 57. Ke7 e3 58. Kd7 e2 59. Ke8
Ke6 60. Kf8 Qc7 61. Kg8 Kf6 62. Kf8 Qd8# 0-1

[Event "CAN-op U1800"]
[Site "Regina CAN"]
[Date "2019.07.13"]
[Round "2.32"]
[White "Latorre, Spiro"]
[Black "Donovan, Ryan"]
[Result "1-0"]
[WhiteElo "1758"]
[BlackElo "1547"]
[PlyCount "79"]
[EventDate "2019.07.12"]
[EventType "swiss"]
[EventRounds "9"]
[EventCountry "CAN"]

1. e4 c6 2. d4 d5 3. Nc3 dxe4 4. Nxe4 Bf5 5. Ng3 Bg6 6. Nf3 e6 7. Bc4 Nf6 8.
Bg5 Be7 9. h3 Nbd7 10. a3 h6 11. Be3 O-O 12. Qe2 Rc8 13. Rd1 Qc7 14. Bb3 Nd5
15. O-O Bd6 16. Bxd5 cxd5 17. c3 Bxg3 18. fxg3 Qxg3 19. Qb5 Qc7 20. Nh2 Qc6 21.
Qe2 Be4 22. Qg4 e5 23. Bxh6 Qxh6 24. Qxd7 exd4 25. Ng4 Qg5 26. Rxf7 dxc3 27.
Rxf8+ Rxf8 28. bxc3 Rf7 29. Qe8+ Rf8 30. Qe6+ Kh7 31. c4 Rd8 32. Rf1 Qd2 33.
Nf6+ Kh8 34. Nxe4 Qe3+ 35. Kh1 dxe4 36. Qf7 Qg3 37. Qe7 Qd3 38. Rf4 Rd6 39.
Rxe4 Qxa3 40. Rh4+ 1-0

[Event "CAN-op U1800"]
[Site "Regina CAN"]
[Date "2019.07.13"]
[Round "2.33"]
[White "Bolduc, Jacques"]
[Black "Collins, Jacob"]
[Result "0-1"]
[WhiteElo "1410"]
[BlackElo "1710"]
[PlyCount "88"]
[EventDate "2019.07.12"]
[EventType "swiss"]
[EventRounds "9"]
[EventCountry "CAN"]

1. d4 d5 2. c4 c6 3. Nc3 Nf6 4. Bf4 dxc4 5. e3 b5 6. a4 b4 7. Na2 a5 8. Bxc4
Ba6 9. Qe2 Bxc4 10. Qxc4 Qd5 11. Qxd5 cxd5 12. Ne2 Nbd7 13. b3 e6 14. Rc1 Be7
15. O-O O-O 16. Rc2 Rfc8 17. Rfc1 Nb6 18. Rxc8+ Rxc8 19. Rxc8+ Nxc8 20. Nac1
Bd6 21. Nd3 Bxf4 22. Nexf4 Ne4 23. Nc5 Nxc5 24. dxc5 Kf8 25. Kf1 Ne7 26. Ke2
Ke8 27. Nd3 Kd8 28. f4 Kc7 29. Kd2 f6 30. Nb2 Kc6 31. Nd3 Ng6 32. g3 Nf8 33. g4
Nd7 34. h4 Nxc5 35. Nxc5 Kxc5 36. Kd3 e5 37. fxe5 fxe5 38. e4 dxe4+ 39. Kxe4
Kd6 40. h5 Ke6 41. g5 h6 42. g6 Kd6 43. Kf5 Kd5 44. Kg4 e4 0-1

[Event "CAN-op U1800"]
[Site "Regina CAN"]
[Date "2019.07.13"]
[Round "2.34"]
[White "Faust, Steven"]
[Black "Singh, Amninder"]
[Result "1/2-1/2"]
[WhiteElo "1677"]
[BlackElo "1463"]
[PlyCount "90"]
[EventDate "2019.07.12"]
[EventType "swiss"]
[EventRounds "9"]
[EventCountry "CAN"]

1. Nf3 Nf6 2. g3 g6 3. Bg2 Bg7 4. O-O O-O 5. c4 d6 6. Nc3 c5 7. d4 Qb6 8. d5
Bg4 9. Qb3 Nbd7 10. Re1 Qxb3 11. axb3 Bxf3 12. exf3 Rfe8 13. f4 a6 14. Bd2 h6
15. Re2 Rab8 16. Rae1 Kf8 17. Bh3 h5 18. Na4 b5 19. Nc3 bxc4 20. bxc4 Rxb2 21.
Nd1 Rc2 22. Bc3 Rxe2 23. Rxe2 Nb6 24. Ne3 Ne4 25. Bxg7+ Kxg7 26. Rb2 Rb8 27. f3
Nf6 28. Bf1 a5 29. Bd3 Nbd7 30. Rxb8 Nxb8 31. Kf2 Nbd7 32. Ke2 Nb6 33. Kd2 e6
34. dxe6 fxe6 35. Kc2 d5 36. h3 d4 37. Nd1 Ne8 38. Nf2 Nd6 39. Ne4 Nxe4 40.
fxe4 a4 41. Kb2 Kf6 42. e5+ Kg7 43. Ka3 Kh6 44. h4 Kg7 45. Kb2 Kf7 1/2-1/2

[Event "CAN-op U1800"]
[Site "Regina CAN"]
[Date "2019.07.13"]
[Round "2.35"]
[White "Thomson, Bruce"]
[Black "Li, Andrew"]
[Result "0-1"]
[WhiteElo "1405"]
[BlackElo "1669"]
[PlyCount "72"]
[EventDate "2019.07.12"]
[EventType "swiss"]
[EventRounds "9"]
[EventCountry "CAN"]

1. d4 d5 2. c4 c6 3. Nf3 dxc4 4. a4 e6 5. e3 b5 6. axb5 cxb5 7. b3 Bb4+ 8. Bd2
Bxd2+ 9. Nfxd2 Bb7 10. bxc4 bxc4 11. Qa4+ Bc6 12. Qxc4 Nf6 13. Nc3 O-O 14. f3
Nd5 15. Nxd5 Bxd5 16. Qa4 Nd7 17. Be2 Nb6 18. Qb4 Qg5 19. g3 Qxe3 20. Ra3 Qh6
21. Rc3 Rfc8 22. Ne4 Bxe4 23. fxe4 Rxc3 24. Qxc3 Rc8 25. Qf3 Qc1+ 26. Bd1 Rc3
27. Qg4 Nc4 28. O-O Qe3+ 29. Kg2 Qxd4 30. Re1 Ne3+ 31. Rxe3 Rxe3 32. Bf3 h6 33.
Kh3 a5 34. Bd1 Rxe4 35. Qf3 g5 36. Be2 g4+ 0-1

[Event "CAN-op U1800"]
[Site "Regina CAN"]
[Date "2019.07.13"]
[Round "2.36"]
[White "Chapman, James"]
[Black "Menesses, Ryan"]
[Result "1-0"]
[WhiteElo "1668"]
[BlackElo "1280"]
[PlyCount "44"]
[EventDate "2019.07.12"]
[EventType "swiss"]
[EventRounds "9"]
[EventCountry "CAN"]

1. e4 c6 2. d4 d5 3. f3 dxe4 4. fxe4 Nf6 5. Nc3 Bg4 6. Nf3 e6 7. Be2 Bb4 8. Qd3
Nbd7 9. Bd2 c5 10. a3 Ba5 11. dxc5 Nxc5 12. Qb5+ Ncd7 13. Bd3 Qb6 14. O-O-O O-O
15. Qg5 e5 16. h3 Bxc3 17. Bxc3 h6 18. Qh4 Bxf3 19. gxf3 Rac8 20. Rhg1 Qe3+ 21.
Bd2 Qxd3 22. Rxg7+ Kh8 1-0